[Event "Reykjavik zt 1.3"]
[Site "Reykjavik"]
[Date "2000.09.06"]
[Round "1.2"]
[White "Brynell, Stellan"]
[Black "Hansen, Curt"]
[Result "0-1"]
[WhiteElo "2484"]
[BlackElo "2613"]
[Annotator "Ribli,Z"]
[PlyCount "82"]
[EventDate "2000.09.05"]
[EventType "k.o."]
[EventRounds "3"]
[EventCountry "ISL"]
[SourceTitle "CBM 079"]
[Source "ChessBase"]
[SourceDate "2000.11.21"]
[SourceVersion "1"]
[SourceVersionDate "2000.11.21"]
[SourceQuality "1"]

1. e4 c5 2. Nf3 e6 3. Nc3 a6 4. d4 cxd4 5. Nxd4 b5 6. g3 {Meiner Meinung nach
ist dieser Zug nicht sehr logisch - 6.Bd3 ist klar die beste Fortsetzung für
Weiß.} Bb7 7. Bg2 b4 {Das ist eine logische Zugfolge, sofort 7...Nf6 ist aber
auch möglich.} (7... Nf6 8. O-O b4 9. Na4 (9. Nd5 $6 exd5 10. exd5 Bc5 11. Re1+
Kf8 12. Bf4 d6 $17 {Weiß hat etwas Initiative, aber das reicht auf keinen Fall
für die Figur.})) 8. Na4 (8. Nce2 Nf6 9. Qd3 d6 10. O-O Nbd7 11. f3 Rc8 12. c3
d5 13. exd5 Nxd5 14. f4 Nc5 {0-1 Tokmina,P-Lastin,A/Rovno 2000/CBM 76_02 (51)})
(8. Nb1 Nf6 9. Nd2 Qc7 (9... d5 10. e5 Nfd7 11. N2f3 Qc7 12. Bf4 Bc5 13. O-O
Nc6 14. Rc1 {1/2-1/2 Arizmendi Martinez,J-Vehi Bach,V/Palencia 1999/CBM 71 ext
(14)}) 10. O-O Nc6 11. Nxc6 Bxc6 12. a3 bxa3 13. b3 d5 14. Bxa3 Bxa3 15. Rxa3
O-O 16. Qe2 Bb5 17. c4 {1/2-1/2 Nataf,I-Emms,J/London 1994/CBM 45 ext (17)})
8... Nf6 (8... Qa5 9. b3 (9. c3 Nf6 10. O-O Nxe4 11. cxb4 Bxb4 12. Be3 O-O 13.
Rc1 f5 14. Ne2 Bc6 15. Nb6 {1-0 Hebden,M-Stepak,Y/London 1991/TD (39)}) 9...
Nf6 10. Qe2 Nc6 11. Bb2 Nxd4 12. Bxd4 e5 13. Bb6 Qb5 14. Qe3 Rc8 15. O-O-O Be7
16. f4 O-O {0-1 Weiss,C-Pavasovic,D/Baden 1999/CBM 71 (36)}) 9. O-O {Mit
diesem Zug strebt Weiß schnelle Entwicklung der Figuren an, gibt damit aber
die Verteidigung des Pe4 auf.} (9. Qe2 Nc6 (9... d5 10. Bg5 Be7 11. exd5 Bxd5
12. O-O-O Qa5 13. f4 Nbd7 14. b3 Bxg2 15. Qxg2 Qd5 16. Qxd5 Nxd5 17. Bxe7 Nxe7
18. Rhe1 Ra7 19. Kb2 O-O 20. a3 bxa3+ 21. Kxa3 $14 {Kupreichik,V-Sax,G/
Muenster op 1996/EXP 55/1-0 (43)}) 10. Nb3 d6 11. O-O Be7 12. Rd1 Qc7 13. c3
bxc3 14. Nxc3 O-O 15. Bf4 Rac8 16. Rac1 {1/2-1/2 Gdanski,J-Stohl,I/Germany
2000/CBM 74 ext (25)}) (9. Bg5 Be7 $1 (9... Qa5 10. Bxf6 gxf6 11. c3 Nc6 $13)
10. O-O Qa5 11. Bxf6 Bxf6 12. Nb3 Qxa4 13. Nc5 Qc6 14. Nxb7 Be5 15. Nd6+ Qxd6
16. Qxd6 Bxd6 17. e5 Bxe5 18. Bxa8 Bxb2 19. Rab1 Bc3 {0-1 Bistric,F-Sax,G/
Sarajevo 1982 (32)}) (9. Qd3) 9... Bxe4 {Das ist die logische Spielweise für
Schwarz - er schlägt den Bauern und möchte die weißfeldrigen Läufer tauschen.}
(9... Nxe4 10. Re1 d5 11. Nxe6 fxe6 12. Qh5+ g6 (12... Kd7 13. Bxe4 dxe4 14.
Rd1+ Bd5 15. c4 $40) 13. Qe5 Qd7 14. Qxh8 Qxa4 15. f3 (15. c4 $6 bxc3 $13)
15... Nc5 16. Bh3 Nbd7 17. Bg5 Qc6 18. Qxh7 e5 19. Re2 e4 20. fxe4 dxe4 21. Rf1
Ne5 22. Qh8 Nf7 23. Rxf7 {1-0 Kupreichik,V-Gdanski,P/Leningrad2 1989/CBM 15}) (
9... d6) 10. Bxe4 Nxe4 11. Re1 {[%cal Ge1e8] Weiß ist gut entwickelt und hat
Kompensation für den Bauern, doch die schwarze Stellung erweist sich als
solide.} (11. Be3 $2 d5 12. c4 bxc3 13. bxc3 Nd7 $17) 11... d5 {Dieser
natürliche Zug verschafft Schwarz mindestens Ausgleich.} (11... Nf6) 12. Nxe6
$5 (12. c4) (12. Qf3) 12... fxe6 13. Qh5+ g6 (13... Kd7 14. Rxe4 dxe4 15. Bf4
$40 Kc8 16. Rd1 Nd7 17. Qe2 Qa5 18. Qxe4 $18 (18. Qc4+ Kd8 19. Qc6 Ra7 20. Nb6
$18)) 14. Qe5 Qf6 $1 (14... Qd7 {[%cal Rd7a4]} 15. Nb6 Bg7 16. Nxd7 Bxe5 17.
Nxe5 $14) 15. Rxe4 Qxe5 16. Rxe5 Kf7 {Nach scharfen Varianten haben wir nun
eine Stellung vor uns, in der Weiß Entwicklungsvorteil hat, Schwarz aber die
wichtigsten Punkte kontrolliert und sich mit Tempo entwickeln kann.} 17. Re2
Nd7 $1 {[%mdl 4] Der Springer steht sehr gut auf d7 und kontrolliert das Feld
c5.} (17... Nc6 18. Be3 Bg7 19. Bc5) 18. Be3 Bg7 19. Rd1 Rhc8 {[%cal Gc8c2,
Gg7b2] Schwarz kann noch keine Drohungen aufstellen, aber sein positioneller
Druck am Damenflügel ist spürbar.} 20. Rd3 $6 {Dieser Zug gefällt mir nicht -
der Turm steht schlechter auf d3 als auf d1.} (20. Bd4 $5 e5 21. Be3 d4 22. f4
Rc7 23. Bf2 $11) 20... a5 $15 {[%cal Ga8a6,Ga6c6,Gc8c2][%mdl 32]} 21. a3 Ra6
22. axb4 axb4 23. b3 Ne5 {Dank 20.Rd3?! spielt Schwarz diesen Zug mit Tempo.}
24. Rd1 Rac6 25. Kf1 (25. Rc1 d4 26. Bf4 Nf3+ 27. Kg2 d3 28. cxd3 Rxc1 29. Bxc1
Nd4 30. Re1 Nxb3 $17) 25... Rxc2 $17 {Schwarz hat einen Mehrbauern und eine
aktive Stellung.} 26. Rd4 Rxe2 27. Kxe2 Nc6 {Alles in der schwarzen Stellung
ist verteidigt, seine Zentrumsbauern rücken früher oder später voran.} 28. Rf4+
Kg8 (28... Bf6 $17) 29. Bc5 e5 30. Rf3 e4 {Die schwarze Bauernmasse muss die
Partie entscheiden.} 31. Re3 Bd4 (31... Ne5 32. Bxb4 Ng4 $19) 32. Bxd4 Nxd4+
33. Kd1 Rc6 {[%cal Rc6f6,Rf6f2]} (33... Rf8 34. Nb6) 34. g4 Rf6 35. h3 Kf7 (
35... Rxf2 36. Nb6 Nf3 $19) 36. Nc5 Rxf2 $19 {Mit zwei Mehrbauern steht
Schwarz auf Gewinn.} 37. Na6 Ke6 38. Nxb4 Kd6 {[%cal Gd6c5]} (38... Rb2 39. Nd3
) 39. Rc3 Rb2 40. Rc8 e3 41. Rd8+ Ke7 0-1

[Event "Monte Carlo FIDE GP (Women)"]
[Site "Monte Carlo"]
[Date "2015.10.05"]
[Round "3"]
[White "Pogonina, Natalija"]
[Black "Hou, Yifan"]
[Result "0-1"]
[WhiteElo "2445"]
[BlackElo "2671"]
[Annotator "Schulz,Andre"]
[PlyCount "164"]
[EventDate "2015.10.03"]
[EventType "tourn"]
[EventRounds "11"]
[EventCountry "MNC"]
[EventCategory "11"]
[SourceTitle "CBM 169"]
[Source "ChessBase"]
[SourceDate "2015.11.10"]
[SourceVersion "1"]
[SourceVersionDate "2015.11.10"]
[SourceQuality "1"]

1. e4 c5 2. Nf3 e6 3. d4 cxd4 4. Nxd4 a6 5. Be2 Nf6 6. Nc3 Qc7 7. O-O Bb4 8.
Bg5 (8. Qd3) 8... Nc6 9. Nxc6 bxc6 10. Qd4 Bd6 11. f4 e5 12. Qd2 exf4 13. Bxf4
Bxf4 14. Rxf4 d6 15. Rd1 {[#] Sieht seltsam aus, aber der Königszug ist immer
noch Theorie.} Ke7 16. Rf3 ({In der Stammpartie entschied der große
Nezhmetdinov die Partie so:} 16. Rf2 h6 17. Qd4 Be6 18. e5 dxe5 19. Qc5+ Ke8
20. Rxf6 gxf6 {1-0 (20) Nezhmetdinov,R-Sergievsky,V Saratov 1966} (20... gxf6
21. Ne4)) 16... Be6 17. Rg3 {[#]} Rhg8 {Schwarz hat hier eine etwas schwierige
Stellung zu verwalten, befreit sich aber in der Folga nach und nach.} 18. Kh1
h6 19. Qd4 c5 20. Qd2 Rab8 21. b3 Rb4 22. Rd3 Rb6 23. Bf3 Nd7 24. a4 c4 25.
bxc4 Ne5 26. a5 Rc6 27. Nd5+ Bxd5 28. Rxd5 Nxc4 29. Qd4 Ne5 30. Be2 Rb8 31. h3
f6 32. Bf1 h5 33. Kg1 Rb7 34. Kh1 Qb8 35. Be2 Rb2 36. Bd3 h4 37. Qe3 Rb1 38.
Qg1 Rxd1 39. Qxd1 Qb2 40. Kh2 g6 41. Qg1 Nxd3 42. Qa7+ Ke6 43. Qa8 Kd7 44. Qa7+
Kc8 45. Rxd3 Qe5+ 46. Kh1 Qxa5 {Schwarz hat einen Bauern gewonnen. Angesichts
der Schwerfiguren, die auf dem Brett sind, und der unsicheren schwarzen
Königstellung wird dieser kaum zu verwerten sein. Yifan Hou versucht es
trotzdem.} 47. Rb3 Rc7 48. Qa8+ Kd7 49. Qf8 Qa1+ 50. Kh2 Qe5+ 51. Kh1 Qe7 52.
Qa8 Rxc2 53. Rb7+ Rc7 54. Rxc7+ Kxc7 55. Qa7+ Kd8 56. Qxa6 Qc7 57. Qa3 Ke7 58.
Qe3 Qa5 59. Qd4 Ke6 60. Qe3 Ke5 61. Qf2 ({Der Maschinenvorschlag ist hier} 61.
g3 {mit besseren Remischancen als in der Partie.}) 61... Qc3 62. Qa7 Qe1+ 63.
Kh2 {[#]} Qxe4 {Nun wird der Gewinn sehr real.} 64. Qe7+ Kf5 65. Qd7+ Qe6 66.
Qh7 Kg5 67. Qc7 Qe5+ 68. Kh1 Qe1+ 69. Kh2 d5 70. Qd7 Qe4 71. Qc6 Qe5+ 72. Kh1
d4 73. Qc1+ Kh5 74. Qd1+ Kh6 75. Qc1+ Qe3 76. Qf1 Kg7 77. Qa1 d3 78. Qc3 Qe4
79. Kg1 g5 80. Kh1 Qd5 81. Qd2 Qd4 82. Qd1 d2 0-1

[Event "RUS-Cup3"]
[Site "Omsk"]
[Date "1996.??.??"]
[Round "7"]
[White "Yandemirov, Valeri"]
[Black "Landa, Konstantin"]
[Result "0-1"]
[WhiteElo "2465"]
[BlackElo "2570"]
[Annotator "Soffer,R"]
[PlyCount "64"]
[EventDate "1996.12.13"]
[EventType "swiss"]
[EventRounds "9"]
[EventCountry "RUS"]
[SourceTitle "CBM 057"]
[Source "ChessBase"]
[SourceDate "1997.04.01"]
[SourceVersion "1"]
[SourceVersionDate "1997.04.01"]
[SourceQuality "1"]

1. e4 {Meulders} c5 2. Nf3 e6 3. Nc3 a6 4. d4 cxd4 5. Nxd4 Qc7 6. Be2 (6. Bd3)
6... Nf6 7. O-O Bb4 8. Qd3 (8. Bg5) 8... Nc6 9. Nxc6 (9. Kh1 O-O 10. f4) 9...
bxc6 (9... dxc6 10. Bg5 (10. f4 e5 $1 (10... O-O 11. e5 Rd8 12. Qh3 Bxc3 13.
bxc3 $1 Nd7 14. Be3 c5 15. Rf3 $40 {1-0 Olafsson,F-Pilnik,H/Reykjavik m 1957 
(23)}) 11. Qg3 O-O 12. fxe5 Bxc3 13. Qxc3 (13. Bh6 Ng4 $1 14. Bxg4 Bxe5 15. Bf4
Re8 $15) 13... Ng4 14. Bxg4 (14. Bf4 $6 Qb6+ 15. Kh1 Nf2+) 14... Bxg4 15. b3
Rfe8 16. Bb2 $10 {Geisler,F-Miezis,N/GER/1994/0,5/16/}) 10... e5 11. Qg3 Be6
12. Rad1 Be7 {1/2-1/2 Kuczynski,R-Kveinys,A/POL-chT Mikolajki 1991}) 10. f4 (
10. Bg5 d5 (10... Be7 11. Be3 O-O 12. f4 {Gershon,A-Rydl,F/WchJM-U12 Duisburg
1992/1-0 (78)}) 11. Bxf6 gxf6 12. Na4 Bd6 13. h3 Bb7 14. Bf3 O-O 15. c4 dxc4
16. Qxc4 c5 17. Rac1 Bc6 18. e5 {1/2-1/2 Baumstark,G-Uskova,F/Herculane-W 1994}
) 10... d5 11. Be3 (11. e5 Nd7 12. Na4 (12. a3 Be7 13. Qg3 O-O 14. Bd2 Bb7 15.
Kh1 c5 16. b3 f5 $15 {Sick,O-Werner,M/BL2-S 1988/0-1 (46)}) 12... a5 13. Qg3
O-O 14. Be3 (14. c4 f6 15. exf6 Nxf6 16. Be3 Ne4 17. Qh4 Be7 18. Qe1 Bd6 (18...
Bb4 19. Qh4 Be7 $11) 19. Bd3 Ba6 20. Bxe4 dxe4 21. b3 $14 {Payen,A-Rotstein,A/
Cannes op 1994/1-0 (60)}) 14... Be7 (14... Ba6 $5) 15. c4 Ba6 16. Rac1 c5 17.
b3 d4 18. Bd2 Bb7 19. Rce1 f5 20. exf6 Rxf6 21. Bg4 Nf8 22. h4 $14 h5 $2 23.
Bxh5 Rh6 24. Qg4 Qc6 25. Rf3 g6 26. Rg3 Kh8 27. f5 exf5 28. Qe2 $16 {Landa,
K-Raicevic,V/Belgrade-A 1991/1-0 (41)}) 11... O-O 12. exd5 {Instead of the
usual plan e5, Na4, c4 White tries to blockade the centre and then try to
exploit in the ending the isolated "a" pawn. The drawback is that Black gets
free piece play and the square e4 compensates for White's control of d4} (12.
e5 {Meulders} Nd7 13. a3 Be7 14. Rad1 c5 15. Bc1) 12... cxd5 13. Bd4 Bc5 14.
Qe3 Bxd4 15. Qxd4 Bd7 16. Bd3 Rfc8 17. a4 a5 18. Ra3 (18. Rac1 {Meulders} Rab8
19. Bb5 Bxb5 20. Nxb5 Qb6 21. b3 Ne4 22. g3 $11) 18... Qc5 19. Nb5 Qxd4+ 20.
Nxd4 Ne8 21. Bb5 Ra7 22. Rff3 Nd6 23. Rac3 {By some clever moves White managed
to set Black some problems, but Black still has adequate defensive resources}
Rxc3 24. Rxc3 Ne4 25. Rb3 Nc5 26. Rc3 Ne4 27. Re3 {White refuses a draw,
playing for a win, or as often happens, "for a loss".} (27. Rb3 $11 {Meulders})
27... h5 $5 (27... Kf8 $5 28. Bxd7 Rxd7 29. Rb3 Rc7 30. Rb8+ Ke7 31. b3 Rc5)
28. c4 (28. Bxd7 Rxd7 29. Rb3 Rc7 {/\Rc4} 30. Rb8+ Kh7 31. b3 Nc3 32. Ra8 Rc5)
28... Kf8 29. f5 Ke7 30. fxe6 fxe6 31. cxd5 exd5 {White's pawn breakthroughs
didn't achieve a concrete goal, and the initiative has passed to Black, who
has the more centralized king} 32. Bc6 $4 {A funny blunder, which was probably
planned in advance, in the mistaken belief that White has an advantage. The
reply is not difficult to find, because all other moves do indeed lead to an
advantage for White.} (32. Bd3 Kd6 (32... Kf6 {Meulders} 33. Bxe4 dxe4 34. Rxe4
Bxa4 35. b3 Bd7 $11) 33. Nb5+ (33. Bxe4 dxe4 34. Rxe4 Kd5 35. Rf4 g5 36. Nb5
gxf4 37. Nxa7 Bxa4 38. Nc8 $15) 33... Bxb5 34. axb5 $15) 32... Rc7 $1 0-1

[Event "EU-ch 9th"]
[Site "Plovdiv"]
[Date "2008.05.01"]
[Round "10"]
[White "Kryvoruchko, Yuriy"]
[Black "Smirin, Ilia"]
[Result "1-0"]
[WhiteElo "2612"]
[BlackElo "2630"]
[Annotator "Stohl,I"]
[PlyCount "47"]
[EventDate "2008.04.21"]
[EventType "swiss"]
[EventRounds "11"]
[EventCountry "BUL"]
[SourceTitle "CBM 124"]
[Source "ChessBase"]
[SourceDate "2008.05.28"]
[SourceVersion "1"]
[SourceVersionDate "2008.05.28"]
[SourceQuality "1"]

1. e4 c5 2. Nf3 e6 3. d4 cxd4 4. Nxd4 a6 (4... Nc6 {is the other main Paulsen
move.}) 5. Nc3 ({Anand's favourite} 5. Bd3 {is slightly more popular (and
flexible as well - White retains the option to pley c4). Here Black has
numerous options and his choice is mostly a matter of taste.} {However,
currently more topical is} Bc5 ({Carlsen's recent preference was} 5... Ne7 6.
O-O Nbc6 7. Nb3 $5 (7. Nxc6 Nxc6 8. Be3 Be7 9. Nd2 d5 $1 10. exd5 exd5 11. Nb3
O-O 12. Re1 Re8 13. c3 Bd6 14. Qc2 g6 15. Bc5 Bc7 16. Rxe8+ Qxe8 17. Qd2 Qe5
18. Qh6 Bf5 19. Bxf5 Qxf5 $11 20. Nd4 Qe4 {Shirov,A (2755)-Carlsen,M (2733)/
Morelia/Linares/2008/}) 7... Ng6 8. Nc3 b5 9. Be3 Be7 10. f4 O-O 11. Qh5 d6 12.
Rf3 $36 e5 $5 13. f5 Nf4 14. Bxf4 exf4 15. Rxf4 Ne5 16. Nd5 Bg5 17. Rff1 g6 18.
Qh3 Bb7 19. Kh1 Rc8 $14 {Leko,P (2753)-Carlsen,M (2733)/Nice rpd/2008/})) 5...
Qc7 ({From the other side of the board, Smirin has pleasant memories of} 5...
b5 6. Bd3 d6 (6... Qb6) (6... Bb7 {or}) (6... Bc5 {are typical Paulsen moves,
which fit in better with the chosen system.}) 7. O-O Nf6 8. Qe2 $1 Bb7 ({
A somewhat earlier game went} 8... Be7 9. a4 b4 10. Na2 e5 11. Nf5 Bxf5 12.
exf5 a5 13. Bb5+ Nbd7 14. Bg5 O-O 15. c3 bxc3 16. Nxc3 h6 17. Bh4 $14 {Smirin,
I (2656)-Markowski,T (2610)/ECC Rethymnon/2003/}) 9. a4 b4 10. Na2 d5 11. e5
Ne4 12. c3 $5 Nd7 13. f3 Nec5 14. Nxb4 a5 15. Nbc6 Bxc6 16. Nxc6 Qb6 17. Bb5
Nb3+ 18. Be3 Bc5 19. Rae1 Rc8 20. Bxc5 Qxc5+ 21. Kh1 Rxc6 22. Qd1 $1 Rc7 23.
Qxb3 $16 {Smirin,I (2670)-Markowski,T (2610)/EU-chT Plovdiv/2003/}) ({If Black
insists on playing a Scheveningen set-up, less committal is the immediate} 5...
d6 $142) 6. Bd3 Bc5 {Other moves are played more often:} (6... Nc6 7. Nxc6 dxc6
{is more solid, but even here} (7... bxc6 8. O-O Nf6 9. Qe2 d5 (9... Bd6 $6 {
is very provocative, after} 10. f4 e5 11. Kh1 h6 (11... exf4 12. e5 Bxe5 13.
Bxf4 d6 14. Bxe5 dxe5 15. Rae1 $16 {/\} Nd7 $2 16. Qh5 g6 17. Qh6 $40) 12. Bd2
O-O 13. f5 $1 Re8 $6 (13... Bb4 $142) 14. Bc4 a5 15. Rf3 Bb4 16. Rg3 Kf8 17.
Qe3 Ng8 18. f6 $1 gxf6 19. Rf1 $1 {Kasparov,G (2838)-Movsesian,S (2631)/Prague
simul/2001/ all White's pieces joined in a deadly attack.}) 10. Bg5 $14 (10. b3
$5)) 8. O-O e5 9. f4 Nf6 10. Kh1 $14 {is more pleasant for White.}) (6... Nf6 {
More restrained, but more promising is the simple} 7. O-O {, po} (7. f4 {allows
} b5 $5 8. e5 b4 9. Ne4 Nxe4 10. Bxe4 Bb7 11. Qf3 Nc6 (11... Bxe4 12. Qxe4 Nc6
$11 {is similar and can lead to the same position.}) 12. Nxc6 Bxc6 13. Bxc6
dxc6 14. O-O Bc5+ 15. Be3 Qb6 16. Bxc5 Qxc5+ 17. Qf2 Qxf2+ 18. Kxf2 Ke7 19. Ke3
Rhd8 20. a3 c5 21. Rfd1 bxa3 22. bxa3 f6 $1 $11 {Sutovsky,E (2629)-Rublevsky,S
(2677)/Poikovsky/2007/}) 7... d6 ({Po} 7... Nc6 {More unpleasant for Black is}
8. Nxc6 $142 {-6...Nc6} ({After} 8. Be3 {according to current theory,} b5 (8...
Bd6 {or}) (8... Ne5 {are all playable alternatives for Black.}))) 8. f4 Be7 {
is similar to our game, only White's N is still on d4. He can use it on the >>,
interesting is} 9. Nf3 $5 Nbd7 10. Qe1 {[%cal Ye4e5] /\e5} O-O (10... Nc5 11.
e5 Nfd7 12. Qg3 g6 13. Be3 b5 14. Bd4 Nxd3 $2 15. cxd3 d5 16. Rac1 Qb7 17. f5
$1 gxf5 18. Qg7 Rf8 19. Ng5 Bxg5 20. Qxg5 $18 {[%csl Re8] ->עe8, Karpov,A 
(2630)-Uddenfeldt,D (2270)/Skopje olm/1972/}) 11. e5 Ne8 12. Qg3 Nc5 13. Be3
Bd7 14. Bxh7+ $1 Kxh7 15. Ng5+ Kg8 16. Qh4 Bxg5 17. fxg5 Bc6 {Wedberg,T (2510)
-Ionescu,C (2465)/Berlin West/1988/} 18. exd6 $1 $36 {/\} Qxd6 19. Rad1 Qe7 20.
Qb4 $16) (6... b5 {is a possible try for the brave ones, Black hopes his <=>
will balance White's lead in development and -> chances.}) 7. Nb3 Be7 8. O-O
Nf6 9. f4 (9. Be3 d6 10. a4 b6 11. a5 b5 12. Bb6 Qc6 13. f4 Nbd7 14. Nd4 Qb7
15. e5 dxe5 16. fxe5 Nxe5 17. Rxf6 $5 Nxd3 $1 (17... gxf6 $6 18. Be4 Qb8 19.
Nc6 Nxc6 20. Bxc6+ Kf8 21. Qf3 Ra7 22. Qe3 Rc7 23. Qf4 $40 {Anand,V (2782)
-Rublevsky,S (2686)/Dortmund/2004/}) 18. Rxf7 Kxf7 19. Qxd3 $13 {would have
given White reasonable compensation, but the outcome of the game is still far
from clear.}) 9... d6 10. e5 $5 $32 {The immediate central break is rare, but
very dangerous.} ({The positional try} 10. a4 Nc6 11. a5 b5 12. axb6 Qxb6+ 13.
Kh1 O-O 14. Qf3 {allows} Nb4 $1 $132 15. Be3 (15. e5 $6 Bb7 {/\} 16. Qh3 Nxd3
17. exf6 Nf2+ 18. Rxf2 Qxf2 19. Be3 Qxc2 20. fxe7 Rfc8 $17) 15... Qc7 16. Bd4
Bb7 17. Na5 Rab8 18. Nxb7 Qxb7 19. Qh3 h6 20. Qg3 {1/2, Ponomariov,R (2738)
-Ivanchuk,V (2731)/RUS-chT Sochi/2006/} Nc6 $11) ({Most often White played} 10.
Qf3 Nbd7 11. Bd2 b6 12. Qg3 g6 13. Rae1 Bb7 14. Qh3 ({or} 14. Kh1 $13 {[%cal
Ye8c8] His forces target Black's >>, but Black still retains the option to
castle << and the position remains unclear.})) (10. Qe2 {prepares the [+]
break, here Black shouldn't just copy the pan from the previous line, as} Nbd7
(10... Nc6 $5) 11. Bd2 b6 (11... b5 $142 $1 $132) 12. Rae1 Bb7 13. e5 $1 Nd5
14. exd6 Bxd6 15. Ne4 O-O (15... Be7 16. f5 $36) 16. Nxd6 Qxd6 17. c4 N5f6 18.
Bc3 Rfd8 19. Rd1 $14 {[%csl Gc3] Predojevic,B (2490)-Rublevsky,S (2686)/
SCG-chT Budva/2004/ gave White a nagging edge due to the unopposed Bc3.}) 10...
dxe5 (10... Nfd7 11. Kh1 (11. Qg4 $14) 11... Nc6 (11... dxe5 $5 $13) 12. Qg4
O-O 13. Qh3 g6 14. f5 $5 Ncxe5 $6 (14... exf5 $142 $1 15. Nd5 Qd8 $13) 15. fxe6
Nf6 16. Bg5 fxe6 17. Qh4 Qd8 18. Ne4 Neg4 19. Rf3 e5 20. h3 d5 21. Nxf6+ Bxf6
22. Rxf6 Nxf6 23. Rf1 Bf5 24. Bxf5 gxf5 25. Rxf5 $18 {Riemersma,L (2380)
-Bistric,F (2330)/Caorle/1989/ was the first game, which featured 10.e5!?.
Although the play on both sides can be improved, accepting the sacrifice is
more principled and occurred in subsequent practice.}) 11. fxe5 Qxe5 $6 {
Exposing the Q with the K still in the [+] is very risky indeed, more
circumspect was} (11... Nfd7 12. Qg4 $5 (12. Qh5 Nxe5 13. Kh1 Nbc6 14. Bf4 g6
15. Qh6 Bd7 16. Qg7 O-O-O $15) (12. Rxf7 $2 Kxf7 13. Qh5+ Kg8 (13... Kf8 $2 14.
Be3 Qxe5 15. Rf1+ Bf6 16. Bc5+ $1 $18) 14. Qe8+ Nf8 $17) (12. Bf4 Nxe5 $5 $13)
12... g6 $8 (12... O-O $143 13. Bh6 {/\} Qxe5 $2 14. Rae1 f5 15. Bxf5 $1 exf5
16. Qc4+ $18) 13. Bh6 Nxe5 14. Qg3 (14. Qh3 f5 $13 {/\} 15. Bg7 Bc5+) 14...
Nbd7 $5 (14... Nbc6 15. Be4 $44) 15. Rad1 Bf8 16. Bxf8 Kxf8 17. Ne4 Kg7 18. c3
b5 19. Ng5 Qb6+ 20. Nd4 Rf8 21. Be4 Bb7 22. Bxb7 Qxb7 23. Qh4 h6 24. Ndxe6+
fxe6 25. Nxe6+ Kg8 26. Nxf8 Rxf8 27. Qxh6 Qb6+ $11 {Grau Ribas,J (2375)
-Rawlings,A (2190)/corr/1997/}) 12. Bf4 Qh5 13. Be2 Qh4 $2 {This is the last
straw.} (13... Qg6 14. Rf3 $1 Nc6 15. Rg3 Qf5 16. Qd2 $40 {is also dangerous
for Black, but now White wins almost by force.}) 14. g3 Qh3 15. Ne4 $1 {
[%csl Re8,Rh3][%cal Re4d6,Re4f6,Re2g4] /\Nf6,Bg4,Nd6 The key move, now the K
won't away from the [+] alive (or the Q).} e5 (15... Nxe4 16. Bg4 Qxf1+ 17.
Qxf1 $32 {+/-/+- is materially not so bad for Black, but his forces lack
coordination.}) (15... Nbd7 16. Nd4 $5 {[%cal Re4g5,Re4f2] /\Ng5,Nf2} (16. Nd6+
Bxd6 17. Qxd6 e5 {-15...e5}) 16... Nxe4 17. Bg4 Qxf1+ 18. Qxf1 O-O 19. Re1 $16
{/+-}) 16. Nd6+ $1 $146 {[%mdl 648] Only this is a novelty, the powerful
sacrifice required thorough calculation (or preparation!).} (16. Ng5 $143 $6
Qf5 $5 (16... Qd7 17. Bxe5 Nc6 18. Bc3 h6 19. Nf3 O-O 20. Qxd7 Bxd7 21. Ne5
Nxe5 22. Bxe5 Bc6 23. Bf3 Rac8 $11 {Vouldis,A (2230)-Dizdarevic,E (2505)/
Manila olm/1992/}) {and if White doesn't find anything concrete, he has to
satisfy himself with} 17. Bd3 Qg4 18. Be2 $11) 16... Bxd6 (16... Kf8 17. Bxe5
$16 ({or} 17. Nxc8 $16 {levels the material balance with an ongoing ->.})) 17.
Qxd6 Nbd7 {Smirin declines the gift.} (17... exf4 18. Rad1 $1 (18. Rfe1 $2 {
nestaci kvoli} Be6 19. Bc4 f3 $19) 18... Nc6 (18... Qd7 19. Bb5 $1 $18) (18...
Nbd7 19. Rfe1 Ne4 20. Bg4 $18) 19. Bf3 Bd7 (19... Be6 20. Bxc6+ bxc6 21. Qxc6+
Ke7 22. Qd6+ Ke8 23. Rxf4 Rc8 24. Nd4 $1 $18 {[%cal Rd4c6,Rf4h4] /\Nc6,Rh4} Ng4
25. Rf2 $1 Rd8 26. Qe7+ $1 Kxe7 27. Nc6+ Kf8 28. Rxd8#) 20. Rfe1+ Kd8 21. Nc5 {
gives White a decisive ->:} fxg3 22. hxg3 Kc8 23. Na4 $1 Kd8 24. Nb6 Rc8 25.
Bg2 Qf5 26. Bxc6 bxc6 27. Re7 Rc7 28. Re5 $18 {[%cal Re5f5,Rd6e7] /\Qe7#,Rf5})
18. Rfe1 (18. Bxe5 $6 Nxe5 19. Qxe5+ (19. Nd4 $5 Be6 $14) 19... Qe6 $14 {
is already not enough, White wants much more and piles up the pressure.}) 18...
Ne4 ({Even the Q-swap doesn't help much:} 18... Qe6 19. Bxe5 Qxd6 (19... Nxe5
20. Bb5+ $18) 20. Bxd6 $40 {[%csl Re8] _|_עe8}) 19. Qb4 f5 20. Bf3 $1 $18 {
[%cal Ge1e8] -><->e,d The winning move, White forcefully breaks down the
defences in the [+].} exf4 (20... a5 21. Qc4 $1 exf4 22. Qe6+ Kf8 23. Rxe4 $1
fxe4 24. Qxh3 Ne5 25. Qh5 Nxf3+ 26. Kf2 $18) 21. Bxe4 fxe4 22. Rxe4+ Kd8 {
Loses immediately, but} (22... Kf7 23. Re7+ Kg6 24. Qe4+ Kh5 (24... Kh6 25.
Qxf4+ g5 26. Qf7 $18) {doesn't help due to the decisive} 25. Nd4 $1 fxg3 (25...
Nf6 26. Re5+ g5 27. Qxf4 $18) 26. Qd5+ Ne5 (26... g5 27. Qf7+ Kh6 28. Re6+ $18)
(26... Kh6 27. Nf5+ $18) 27. Rxe5+ Kh6 28. Nf3 $1 gxh2+ 29. Kh1 {[%cal Rd5d2] /
\Qd2+-}) 23. Rd1 {[%cal Rb4b6] /\Qb6#} Qh6 (23... Kc7 24. Qd6+ Kd8 25. Qb6#)
24. Rd6 1-0